| 000 | 00737nam a2200217 a 4500 | ||
|---|---|---|---|
| 001 | 000025320 | ||
| 005 | 20200930023714.0 | ||
| 008 | 101122s1971 ve r 000 f spa d | ||
| 040 |
_aDO-SdBNP _bspa _cBNPHU |
||
| 082 |
_aVe863.44 _bA162s, 1971 |
||
| 100 | 1 |
_aAbreu, José Vicente, _d1927-1987. _947049 |
|
| 245 | 1 | 0 |
_aSe llamaba S. N. : _bnovela-testimonio / _cJosé Vicente Abreu ; editor José Agustín Catala,. |
| 250 | _a6a ed. | ||
| 260 |
_aCaracas, (Venezuela) : _b[Centauro], _c1971. |
||
| 300 |
_a266, [4] p. : _bil. ; _c17 cm. |
||
| 500 | _aIncluye notas al pie de las páginas | ||
| 650 | 4 |
_aNovela venezolana _93962 |
|
| 650 | 4 |
_aLiteratura venezolana _93816 |
|
| 700 | 1 |
_aCatala, José Agustín _eed. _916781 |
|
| 049 | _aBNGR | ||
| 999 |
_c24812 _d24812 |
||